Studying and living in Britain : A guide for international students and vivitors
A fact-filled, practical guide for anyone preparing for student residence or extended travel in Britain
Sparad:
| Materialtyp: | Bok |
|---|---|
| Språk: | Undetermined |
| Publicerad: |
Plymouth, U.K.
Northcote House, in association with the British Council
|
| Ämnen: | |
| Taggar: |
Lägg till en tagg
Inga taggar, Lägg till första taggen!
|
| Thư viện lưu trữ: | Trung tâm Học liệu Trường Đại học Cần Thơ |
|---|
| LEADER | 00713nam a2200205Ia 4500 | ||
|---|---|---|---|
| 001 | CTU_141337 | ||
| 008 | 210402s9999 xx 000 0 und d | ||
| 020 | |c 22 | ||
| 082 | |a 378.41 | ||
| 082 | |b S933 | ||
| 245 | 0 | |a Studying and living in Britain : | |
| 245 | 2 | |b A guide for international students and vivitors | |
| 260 | |a Plymouth, U.K. | ||
| 260 | |b Northcote House, in association with the British Council | ||
| 520 | |a A fact-filled, practical guide for anyone preparing for student residence or extended travel in Britain | ||
| 650 | |a Foreign study,Du học | ||
| 650 | |x Great Britain | ||
| 650 | |z Anh quốc | ||
| 904 | |i Hạ Nguyên | ||
| 980 | |a Trung tâm Học liệu Trường Đại học Cần Thơ | ||